| 000 | 00888nam a22001935i 4500 | ||
|---|---|---|---|
| 001 | 160992 | ||
| 003 | ES-MaACL | ||
| 005 | 20230906212154.0 | ||
| 008 | 041007s1851 sp |||| | spa d | ||
| 040 |
_aCAM _bspa _cCAM |
||
| 100 | 1 |
_aOlona, José de. _9130644 |
|
| 245 | 1 | 4 |
_aLos disfraces _b: zarzuela original en un acto / _cde José de Olona ; musica del maestro Jose Inzenga. |
| 260 |
_aMadrid : _b[s.n.], _c1851 ( _fImprenta que fué de Operarios, à cargo de D. F. R. del Castillo) |
||
| 300 |
_a34, [2] p. ; _c19 cm. |
||
| 500 | _aEn port.: Representada en el Teatro del Circo el día 16 de mayo de 1851. | ||
| 500 | _aSolo la letra. | ||
| 700 | 1 |
_aInzenga, José ( _d1828-1891) _9128190 |
|
| 852 |
_aES-MaACL _jF-8615(9) _z-- Enc. pasta española _q-- Falto de la cub. original _z-- Enc. en un vol. facticio formando parte de la col. facticia "Teatro español moderno", vol. 70 |
||
| 999 |
_c160992 _d160992 |
||